50th Euroconstruct conference : the outlook for the European construction sector: 2001-2003 - summary (Record no. 101088)

MARC details
000 -LEADER
fixed length control field 00847cam a2200241 4500
001 - CONTROL NUMBER
control field J63242
008 - FIXED-LENGTH DATA ELEMENTS--GENERAL INFORMATION
fixed length control field 000000n2000 000 0 eng u
035 ## - SYSTEM CONTROL NUMBER
System control number (Sirsi) u110288
050 ## - LIBRARY OF CONGRESS CALL NUMBER
Classification number 338.4369094
110 ## - MAIN ENTRY--CORPORATE NAME
Corporate name or jurisdiction name as entry element Euroconstruct
9 (RLIN) 2964
245 ## - TITLE STATEMENT
Title 50th Euroconstruct conference : the outlook for the European construction sector: 2001-2003 - summary
260 ## - PUBLICATION, DISTRIBUTION, ETC.
Place of publication, distribution, etc. London
Name of publisher, distributor, etc. Construction Forecasting and Research Limited
Date of publication, distribution, etc. 2000
300 ## - PHYSICAL DESCRIPTION
Extent 187p. ; 30cm.
350 ## - PRICE (NR) (BK AM CF MU VM SE) [OBSOLETE]
Price 775.00
520 ## - SUMMARY, ETC.
Summary, etc. The medium-term impact of ongoing demographics and sociological changes in Europe on the construction industry. Wednesday 6th and Thursday 7th December 2000 Paris
650 ## - SUBJECT ADDED ENTRY--TOPICAL TERM
Topical term or geographic name entry element EUROPE
650 ## - SUBJECT ADDED ENTRY--TOPICAL TERM
Topical term or geographic name entry element STATISTICS
650 ## - SUBJECT ADDED ENTRY--TOPICAL TERM
Topical term or geographic name entry element ECONOMIC ISSUES
650 ## - SUBJECT ADDED ENTRY--TOPICAL TERM
Topical term or geographic name entry element HOUSING
690 ## - LOCAL SUBJECT ADDED ENTRY--TOPICAL TERM (OCLC, RLIN)
Topical term or geographic name as entry element BUILT ENVIRONMENT
856 ## - ELECTRONIC LOCATION AND ACCESS
Uniform Resource Identifier <a href="www.euroconstruct.com">www.euroconstruct.com</a>
942 ## - ADDED ENTRY ELEMENTS (KOHA)
Suppress in OPAC 0
Holdings
Withdrawn status Lost status Source of classification or shelving scheme Damaged status Not for loan Home library Current library Shelving location Date acquired Cost, normal purchase price Total Checkouts Full call number Barcode Date last seen Copy number Cost, replacement price Price effective from Koha item type
    Dewey Decimal Classification     London London Folio 10/01/2001 775.00   F338.4369094 30063242 06/08/2019 1 775.00 06/08/2019 Reference material